000 00690nam a2200229 i 4500
001 12486
003 ES-MaACL
005 20230906150325.0
008 921202s1990 sp ||||0| spa d
020 _a84-7232-544-X
080 _a860(7/8).09
100 1 _aMatamoro, Blas.
_978918
245 1 0 _aLecturas americanas /
_cBlas Matamoro.
260 _aMadrid :
_bCultura Hispánica,
_c1990.
300 _a263 p ;
_c25 cm.
490 1 _aLiteratura
650 4 _aCrítica literaria-
_zAmérica latina-
_yS.XX.
_911449
650 1 4 _aLiteratura hispanoamericana-
_yS.XX-
_xHistoria y crítica.
_914614
830 1 _aLiteratura
_9177860
852 _aES-MaACL
_jL-19710
999 _c12486
_d12486